<?xml version="1.0" encoding="UTF-8"?>
<record
    xmlns:xsi="http://www.w3.org/2001/XMLSchema-instance"
    xsi:schemaLocation="http://www.loc.gov/MARC21/slim http://www.loc.gov/standards/marcxml/schema/MARC21slim.xsd"
    xmlns="http://www.loc.gov/MARC21/slim">

  <leader>00397nam a2200133Ia 4500</leader>
  <controlfield tag="008">230411s9999    xx            000 0 und d</controlfield>
  <datafield tag="041" ind1=" " ind2=" ">
    <subfield code="a">eng</subfield>
  </datafield>
  <datafield tag="082" ind1=" " ind2=" ">
    <subfield code="a">AD/362.11068/BAR/B02562</subfield>
  </datafield>
  <datafield tag="100" ind1=" " ind2=" ">
    <subfield code="a">Barnett Denise &amp; Kemp Nan</subfield>
    <subfield code="9">177479</subfield>
  </datafield>
  <datafield tag="245" ind1=" " ind2=" ">
    <subfield code="a">A to Z of Applied Quality for Clinical Managers in Hospitals</subfield>
  </datafield>
  <datafield tag="260" ind1=" " ind2=" ">
    <subfield code="b">Chapman and Hall</subfield>
    <subfield code="a">London</subfield>
    <subfield code="c">1994</subfield>
  </datafield>
  <datafield tag="300" ind1=" " ind2=" ">
    <subfield code="a">159p</subfield>
  </datafield>
  <datafield tag="999" ind1=" " ind2=" ">
    <subfield code="c">153742</subfield>
    <subfield code="d">153742</subfield>
  </datafield>
  <datafield tag="952" ind1=" " ind2=" ">
    <subfield code="0">0</subfield>
    <subfield code="1">0</subfield>
    <subfield code="4">0</subfield>
    <subfield code="7">0</subfield>
    <subfield code="8">AD</subfield>
    <subfield code="a">BTIN</subfield>
    <subfield code="b">BTIN</subfield>
    <subfield code="d">2005-08-03</subfield>
    <subfield code="e">British Library</subfield>
    <subfield code="g">30.00</subfield>
    <subfield code="i">181</subfield>
    <subfield code="l">0</subfield>
    <subfield code="o">AD 362.11068 BAR B02562</subfield>
    <subfield code="p">BTIN-BK-2562</subfield>
    <subfield code="r">2023-04-11 00:00:00</subfield>
    <subfield code="v">30.00</subfield>
    <subfield code="w">2005-08-03</subfield>
    <subfield code="y">BK</subfield>
    <subfield code="z">B02562</subfield>
  </datafield>
</record>
